000 00492nam a2200181Ia 4500
003 GCL
008 140319s9999 xx 000 0 ara d
040 _aGCL /
_cGCL
082 0 4 _a928.1
_bا ع
100 1 _aاحمد بهاءالدين
245 1 0 _aالعقاد /
_cاحمد بهاءالدين
700 1 _aكامل زهيرى
300 _a175 ص
490 _aالهلال
_v0
650 0 4 _aعباس محمود العقاد
650 0 4 _aالرجال - تراجم
942 _2ddc
_cBK
999 _c50972
_d50972